01065naa#a2200193#i#4500001001500000005001700015100004100032102000700073200019200080210016900272215001000441608006000451675017600511700002600687700003000713700005200743700005800795856001800853RU\\bibl\2007220260701234422.3##a20260630b2026####ek#y0rusy0150####ca##aRU1#aИССЛЕДОВАНИЕ ОСНОВНЫХ АСПЕКТОВ АВТОМАТИЗИРОВАННЫХ ИНФОРМАЦИОННЫХ СИСТЕМeСтатья/тезисы конференции1#aВоронежcВоронежский государственный лесотехнический университет имени Г.Ф. Морозоваd2026##a6 с.##aСтатья/тезисы конференции2local##aИнформационные технологии. Компьютерные технологии. Теория вычислительных машин и систем. 004#1aБизеевgД. А.#1aСазоноваgС. А.#1aАсмининgВиктор Федорович#1aАкамсинаgНадежда Валериевна4#abibl.vgltu.ru